| 000 | 00814nam a2200193 a 4500 | ||
|---|---|---|---|
| 003 | 0 | ||
| 005 | 20250513094224.0 | ||
| 008 | 970101s19uu xx 00 eng d | ||
| 050 |
_aPHS HQ 27 _b.C53 2004 |
||
| 100 | _aClareza, Mark Christian O. | ||
| 245 |
_aFactors which influence the perception of male and female teenagers of St. Michael Village, Las Pinas City on premarital sex / _cMark Christian O. Clareza. |
||
| 260 |
_aLas PiƱas City, Philippines : _bSouthville International School and Colleges, _c2004. |
||
| 300 |
_a74 pages : _billustrations ; _c28 cm. |
||
| 504 | _aIncludes bibliographical references. | ||
| 650 |
_aPremarital sex _zPhilippines _xPublic opinion. |
||
| 650 |
_aSexual ethics for teenagers _yPhilippines. |
||
| 650 |
_aSexual behavior in adolescence _yPhilippines. |
||
| 942 |
_2lcc _cPASS |
||
| 999 |
_c97101 _d97101 |
||